00949nam a2200229 4500952009500000999001900095008004100114082001900155110006500174245010300239260006500342300003700407490002600444500003700470500003400507505002900541519004300570650002800613650003900641700003200680942000700712 00104070a01b01d2019-11-08l0of 332.673 U3wp01 015179r2019-11-08t1w2019-11-08yLB c104704d104704191108s2010 sz d|||| |||| 00| 0 e d af 332.673bU3w 4United Nations.6Conference on Trade and Developmentd, 2010 aWorld Investment Prospects survey 2010-2012c/ United Nations. Conference on Trade and Development aUnited Nationsb: Geneva, SwitzerlandbNew York, USAc, 2010 aviii, 26 páginasb: gráficas aUNCTAD/DIAE/IA/2010/4 aDonativo: Naciones Unidas, CEPAL aIncluye: Referencias y Anexos aContiene: Figuras Tables aMaterial Complementario /d(01 015179)14aINVERSIONES EXTRANJERAS24aGLOBALIZACIONxASPECTOS ECONOMICOS aHatem, Fabriceecoordinador cLB